|
|
|
|
| LEADER |
00000cam a2200000 7i4500 |
| 001 |
0000050708 |
| 005 |
20020205.0 |
| 020 |
|
|
|a 1840645873
|
| 090 |
0 |
0 |
|a 363.61091724
|b PRI
|
| 245 |
0 |
0 |
|a Private firms and public water :
|b realising social and environmental objectives in developing countries
|c edited by Nick Johnstone and Libby Wood
|
| 260 |
|
|
|a Cheltenham :
|b Edward Elgar Publishing Ltd. ,
|c 2000
|
| 300 |
|
|
|a 247p. ;
|c 24cm.
|
| 650 |
0 |
0 |
|a Water utilitiesxDeregulation
|x Developing countries
|
| 650 |
0 |
0 |
|a Water-supply
|x Developing countries
|
| 700 |
1 |
|
|a Johnstone, Nick
|
| 700 |
1 |
|
|a Wood, Libby
|
| 999 |
|
|
|a 115282
|b BUKU
|c RUJUKAN
|e PERPUSTAKAAN KOMUNITI PETALING JAYA
|